000 00614nam a2200217Ii 4500
003 JO-AjNU
008 230606s9999||||xx |||||||||||||| ||und||
020 _a978-0-07-135623-7
040 _aJO-AjNU
_beng
_erda
_cJO-AjNU
041 _aeng
050 1 4 _aTD791.H2723 2002
100 3 _aKreith, Frank/,
_eauthor
_95005
245 0 0 _aHandbook of Solid Waste Management
250 _a2 ed
264 3 1 _aNew York :Mcgraw hill ,2012
300 _a1491p
336 _atext
_btxt
_2rdacontent
337 _aunmediated
_bn
_2rdamedia
338 _avolume
_bnc
_2rdacarrier
650 4 _a Solid Waste Management
_95006
999 _aE2588
_c2586
_d2586